ՀՀ Գիտությունների ազգային ակադեմիայի հիմնարար գիտական գրադարան  =   Fundamental Scientific Library of NAS RA

L'église Arménienne : (Record no. 526341)

MARC details
000 -LEADER
fixed length control field 00931nam a2200217 a 4500
003 - CONTROL NUMBER IDENTIFIER
control field AM-YEHGA
005 - DATE AND TIME OF LATEST TRANSACTION
control field 20250617164608.0
008 - FIXED-LENGTH DATA ELEMENTS--GENERAL INFORMATION
fixed length control field 180806s2018 ai a|||| |||||||||0|fre|d
020 ## - INTERNATIONAL STANDARD BOOK NUMBER
International Standard Book Number 9789939850153
040 ## - CATALOGING SOURCE
Original cataloging agency AM-YeHGA
041 0# - LANGUAGE CODE
Language code of text/sound track or separate title fre
001 - CONTROL NUMBER
control field 1388219
090 ## - LOCALLY ASSIGNED LC-TYPE CALL NUMBER (OCLC); LOCAL CALL NUMBER (RLIN)
-- 563930
100 1# - MAIN ENTRY--PERSONAL NAME
Personal name Օրմանյան, Մաղաքիա
Dates associated with a name 1841-1918
245 12 - TITLE STATEMENT
Title L'église Arménienne :
Remainder of title Son histoire, sa doctrine, son régime, sa discipline, sa liturgie, sa littérature, son présent /
Statement of responsibility, etc. Malachia Ormanian.
246 15 - VARYING FORM OF TITLE
Title proper/short title Հայոց եկեղեցին և իր պատմությունը, վարդապետությունը, վարչությունը, բարեկարգությունը, արարողությունը, գրականությունն ու ներկա կացությունը
260 ## - PUBLICATION, DISTRIBUTION, ETC.
Place of publication, distribution, etc. Yerevan :
Name of publisher, distributor, etc. Ankyunacar,
Date of publication, distribution, etc. 2018.
300 ## - PHYSICAL DESCRIPTION
Extent 252 p. :
Other physical details ill. ;
Dimensions 21 cm.
650 14 - SUBJECT ADDED ENTRY--TOPICAL TERM
Topical term or geographic name entry element Armenian Apostolic Church
General subdivision History
942 ## - ADDED ENTRY ELEMENTS (KOHA)
Source of classification or shelving scheme Universal Decimal Classification
Koha item type Գրքեր / Books
Holdings
Withdrawn status Lost status Source of classification or shelving scheme Damaged status Not for loan Collection Home library Current library Date acquired Total checkouts Full call number Barcode Date last seen Price effective from Koha item type Public note
    Universal Decimal Classification     General Fundamental Scientific Library Fundamental Scientific Library 04/11/2022   И II/117418 FL0677293 04/11/2022 04/11/2022 Գրքեր / Books 30 Days Loan
    Universal Decimal Classification     General Fundamental Scientific Library Fundamental Scientific Library 04/11/2022   И II/117419 FL0677292 04/11/2022 04/11/2022 Գրքեր / Books 30 Days Loan


ՀՀ ԳԱԱ հիմնարար գիտական գրադարան
ՀՀ,Երևան 0019
Մարշալ Բաղրամյան 24/6
հեռախոս:(374-10) 52-47-50
Հետադարձ կապ

All site content, except where otherwise noted, is licensed under a
Creative Commons License